| 000 | 00593nam a22001937a 4500 | ||
|---|---|---|---|
| 005 | 20251108170830.0 | ||
| 008 | 250721s1994 xx 000 0 ara d | ||
| 082 | 1 | 4 | _aط/677.64/خطي |
| 100 | 1 | _aالخطيب، أحمد شفيق | |
| 245 | 1 | 0 | _aالسجاد / |
| 264 | 1 |
_aبيروت : _bمكتبة لبنان، _c1994. |
|
| 300 | _a31ص. | ||
| 490 | 0 | _aكتب الفراشة : المعارف الميسرة ؛ 9 | |
| 650 | 1 | 7 | _aالسجاد |
| 650 | 1 | 7 | _aصناعة النسيج |
| 653 | _aاطفال مرحله متوسطه (6-9) سنوات | ||
| 942 |
_2ddc _cBK |
||
| 999 |
_c50065 _d50065 |
||